<?xml version="1.0" encoding="UTF-8"?>
<collection xmlns="http://www.loc.gov/MARC21/slim">
 <record>
  <leader>02631nam a22003257a 4500</leader>
  <controlfield tag="001">NCT_64921</controlfield>
  <controlfield tag="008">190720b        xxu||||| |||| 00| 0 vie d</controlfield>
  <datafield tag="999" ind1=" " ind2=" ">
   <subfield code="c">3144</subfield>
   <subfield code="d">3144</subfield>
  </datafield>
  <datafield tag="020" ind1=" " ind2=" ">
   <subfield code="a">9786047361885</subfield>
   <subfield code="c">62000</subfield>
  </datafield>
  <datafield tag="082" ind1="0" ind2="4">
   <subfield code="2">23rd ed.</subfield>
   <subfield code="a">690.1</subfield>
   <subfield code="b">T120</subfield>
  </datafield>
  <datafield tag="100" ind1="1" ind2=" ">
   <subfield code="a">Võ Bá Tầm</subfield>
  </datafield>
  <datafield tag="245" ind1="1" ind2="0">
   <subfield code="a">Nhà cao tầng bêtông - cốt thép</subfield>
   <subfield code="c">Võ Bá Tầm</subfield>
  </datafield>
  <datafield tag="250" ind1=" " ind2=" ">
   <subfield code="a">Tái bản lần thứ 3</subfield>
  </datafield>
  <datafield tag="260" ind1=" " ind2=" ">
   <subfield code="a">TP. Hồ Chí Minh</subfield>
   <subfield code="b">Đại học Quốc gia TP. Hồ Chí Minh</subfield>
   <subfield code="c">2018</subfield>
  </datafield>
  <datafield tag="300" ind1=" " ind2=" ">
   <subfield code="a">294 tr.</subfield>
   <subfield code="b">Hình vẽ, bảng</subfield>
   <subfield code="c">27cm</subfield>
  </datafield>
  <datafield tag="500" ind1=" " ind2=" ">
   <subfield code="a">ĐTTS ghi: Đại học Quốc gia Tp Hồ Chí Minh. Trường Đại học Bách Khoa</subfield>
  </datafield>
  <datafield tag="520" ind1="3" ind2=" ">
   <subfield code="a">Những nguyên tắc cơ bản trong việc lựa chọn giải pháp kiến trúc - kết cấu phù hợp cho nhà cao tầng, tìm hiểu về bản chất sự làm việc và phạm vi ứng dụng của từng loại kết cấu đó.</subfield>
  </datafield>
  <datafield tag="653" ind1=" " ind2=" ">
   <subfield code="a">Kỹ thuật công trình xây dựng</subfield>
  </datafield>
  <datafield tag="942" ind1=" " ind2=" ">
   <subfield code="2">ddc</subfield>
   <subfield code="c">BK</subfield>
  </datafield>
  <datafield tag="952" ind1=" " ind2=" ">
   <subfield code="0">0</subfield>
   <subfield code="1">0</subfield>
   <subfield code="2">ddc</subfield>
   <subfield code="4">0</subfield>
   <subfield code="6">690_100000000000000_T120</subfield>
   <subfield code="7">0</subfield>
   <subfield code="9">16957</subfield>
   <subfield code="a">000001</subfield>
   <subfield code="b">000001</subfield>
   <subfield code="d">2019-07-20</subfield>
   <subfield code="o">690.1 T120</subfield>
   <subfield code="p">MD.15995</subfield>
   <subfield code="r">2019-07-20</subfield>
   <subfield code="v">62000.00</subfield>
   <subfield code="w">2019-07-20</subfield>
   <subfield code="y">BK</subfield>
  </datafield>
  <datafield tag="952" ind1=" " ind2=" ">
   <subfield code="0">0</subfield>
   <subfield code="1">0</subfield>
   <subfield code="2">ddc</subfield>
   <subfield code="4">0</subfield>
   <subfield code="6">690_100000000000000_T120</subfield>
   <subfield code="7">0</subfield>
   <subfield code="9">16958</subfield>
   <subfield code="a">000001</subfield>
   <subfield code="b">000001</subfield>
   <subfield code="d">2019-07-20</subfield>
   <subfield code="o">690.1 T120</subfield>
   <subfield code="p">MD.15996</subfield>
   <subfield code="r">2019-07-20</subfield>
   <subfield code="v">62000.00</subfield>
   <subfield code="w">2019-07-20</subfield>
   <subfield code="y">BK</subfield>
  </datafield>
  <datafield tag="952" ind1=" " ind2=" ">
   <subfield code="0">0</subfield>
   <subfield code="1">0</subfield>
   <subfield code="2">ddc</subfield>
   <subfield code="4">0</subfield>
   <subfield code="6">690_100000000000000_T120</subfield>
   <subfield code="7">0</subfield>
   <subfield code="9">16959</subfield>
   <subfield code="a">000001</subfield>
   <subfield code="b">000001</subfield>
   <subfield code="d">2019-07-20</subfield>
   <subfield code="o">690.1 T120</subfield>
   <subfield code="p">MD.15997</subfield>
   <subfield code="r">2019-07-20</subfield>
   <subfield code="v">62000.00</subfield>
   <subfield code="w">2019-07-20</subfield>
   <subfield code="y">BK</subfield>
  </datafield>
  <datafield tag="952" ind1=" " ind2=" ">
   <subfield code="0">0</subfield>
   <subfield code="1">0</subfield>
   <subfield code="2">ddc</subfield>
   <subfield code="4">0</subfield>
   <subfield code="6">690_100000000000000_T120</subfield>
   <subfield code="7">0</subfield>
   <subfield code="9">16960</subfield>
   <subfield code="a">000001</subfield>
   <subfield code="b">000001</subfield>
   <subfield code="d">2019-07-20</subfield>
   <subfield code="o">690.1 T120</subfield>
   <subfield code="p">MD.15998</subfield>
   <subfield code="r">2019-07-20</subfield>
   <subfield code="v">62000.00</subfield>
   <subfield code="w">2019-07-20</subfield>
   <subfield code="y">BK</subfield>
  </datafield>
  <datafield tag="952" ind1=" " ind2=" ">
   <subfield code="0">0</subfield>
   <subfield code="1">0</subfield>
   <subfield code="2">ddc</subfield>
   <subfield code="4">0</subfield>
   <subfield code="6">690_100000000000000_T120</subfield>
   <subfield code="7">0</subfield>
   <subfield code="9">16961</subfield>
   <subfield code="a">000001</subfield>
   <subfield code="b">000001</subfield>
   <subfield code="d">2019-07-20</subfield>
   <subfield code="o">690.1 T120</subfield>
   <subfield code="p">MD.15999</subfield>
   <subfield code="r">2019-07-20</subfield>
   <subfield code="v">62000.00</subfield>
   <subfield code="w">2019-07-20</subfield>
   <subfield code="y">BK</subfield>
  </datafield>
  <datafield tag="952" ind1=" " ind2=" ">
   <subfield code="0">0</subfield>
   <subfield code="1">0</subfield>
   <subfield code="2">ddc</subfield>
   <subfield code="4">0</subfield>
   <subfield code="6">690_100000000000000_T120</subfield>
   <subfield code="7">0</subfield>
   <subfield code="9">16962</subfield>
   <subfield code="a">000001</subfield>
   <subfield code="b">000001</subfield>
   <subfield code="d">2019-07-20</subfield>
   <subfield code="o">690.1 T120</subfield>
   <subfield code="p">MD.16000</subfield>
   <subfield code="r">2019-07-20</subfield>
   <subfield code="v">62000.00</subfield>
   <subfield code="w">2019-07-20</subfield>
   <subfield code="y">BK</subfield>
  </datafield>
  <datafield tag="952" ind1=" " ind2=" ">
   <subfield code="0">0</subfield>
   <subfield code="1">0</subfield>
   <subfield code="2">ddc</subfield>
   <subfield code="4">0</subfield>
   <subfield code="6">690_100000000000000_T120</subfield>
   <subfield code="7">0</subfield>
   <subfield code="9">16963</subfield>
   <subfield code="a">000001</subfield>
   <subfield code="b">000001</subfield>
   <subfield code="d">2019-07-20</subfield>
   <subfield code="o">690.1 T120</subfield>
   <subfield code="p">MD.16001</subfield>
   <subfield code="r">2019-07-20</subfield>
   <subfield code="v">62000.00</subfield>
   <subfield code="w">2019-07-20</subfield>
   <subfield code="y">BK</subfield>
  </datafield>
  <datafield tag="952" ind1=" " ind2=" ">
   <subfield code="0">0</subfield>
   <subfield code="1">0</subfield>
   <subfield code="2">ddc</subfield>
   <subfield code="4">0</subfield>
   <subfield code="6">690_100000000000000_T120</subfield>
   <subfield code="7">0</subfield>
   <subfield code="9">16964</subfield>
   <subfield code="a">000001</subfield>
   <subfield code="b">000001</subfield>
   <subfield code="d">2019-07-20</subfield>
   <subfield code="o">690.1 T120</subfield>
   <subfield code="p">MD.16002</subfield>
   <subfield code="r">2019-07-20</subfield>
   <subfield code="v">62000.00</subfield>
   <subfield code="w">2019-07-20</subfield>
   <subfield code="y">BK</subfield>
  </datafield>
  <datafield tag="952" ind1=" " ind2=" ">
   <subfield code="0">0</subfield>
   <subfield code="1">0</subfield>
   <subfield code="2">ddc</subfield>
   <subfield code="4">0</subfield>
   <subfield code="6">690_100000000000000_T120</subfield>
   <subfield code="7">0</subfield>
   <subfield code="9">16965</subfield>
   <subfield code="a">000001</subfield>
   <subfield code="b">000001</subfield>
   <subfield code="d">2019-07-20</subfield>
   <subfield code="l">1</subfield>
   <subfield code="o">690.1 T120</subfield>
   <subfield code="p">MD.16003</subfield>
   <subfield code="r">2022-02-11</subfield>
   <subfield code="s">2021-04-27</subfield>
   <subfield code="v">62000.00</subfield>
   <subfield code="w">2019-07-20</subfield>
   <subfield code="y">BK</subfield>
  </datafield>
  <datafield tag="952" ind1=" " ind2=" ">
   <subfield code="0">0</subfield>
   <subfield code="1">0</subfield>
   <subfield code="2">ddc</subfield>
   <subfield code="4">0</subfield>
   <subfield code="6">690_100000000000000_T120</subfield>
   <subfield code="7">0</subfield>
   <subfield code="9">16966</subfield>
   <subfield code="a">000001</subfield>
   <subfield code="b">000001</subfield>
   <subfield code="d">2019-07-20</subfield>
   <subfield code="o">690.1 T120</subfield>
   <subfield code="p">MD.16004</subfield>
   <subfield code="r">2019-07-20</subfield>
   <subfield code="v">62000.00</subfield>
   <subfield code="w">2019-07-20</subfield>
   <subfield code="y">BK</subfield>
  </datafield>
  <datafield tag="980" ind1=" " ind2=" ">
   <subfield code="a">Thư viện Trường Đại học Nam Cần Thơ</subfield>
  </datafield>
 </record>
</collection>
